[Event "Nis it"]
[Site "Nis YUG"]
[Date "1979.10.17"]
[Round "1"]
[White "Kuligowski, Adam"]
[Black "Marjanovic, Slavoljub"]
[Result "1/2-1/2"]
[WhiteElo "2495"]
[BlackElo "2505"]
[EventDate "1979.10.17"]
[PlyCount "61"]
[Source "Perpetual Check"]

1.d4 d5 2.c4 e6 3.Nc3 c5 4.cxd5 exd5 5.Nf3 Nc6 6.e3 Nf6 7.Be2 Bd6 8.O-O 
O-O 9.dxc5 Bxc5 10.b3 a6 11.Bb2 Ba7 12.Rc1 Be6 13.Na4 Rc8 14.Ne5 Nxe5 15.
Rxc8 Qxc8 16.Bxe5 b5 17.Nc3 Rd8 18.Bd4 Ne4 19.Bxa7 Nxc3 20.Qd2 Rd7 21.Bb6 
Rd6 22.Bd4 Nxe2+ 23.Qxe2 Rc6 24.Qb2 Rc2 25.Qa1 f6 26.Bb2 h5 27.Rc1 Bf5 28.
Qb1 Kh7 29.Rxc2 Bxc2 30.Qe1 Qf5 31.Bc3 1/2-1/2

[Event "Nis it"]
[Site "Nis YUG"]
[Date "1979.10.17"]
[Round "1"]
[White "Djukic, Zeljko"]
[Black "Jansa, Vlastimil"]
[Result "0-1"]
[WhiteElo "2370"]
[BlackElo "2495"]
[EventDate "1979.10.17"]
[PlyCount "120"]
[Source "Perpetual Check"]

1.d4 Nf6 2.c4 g6 3.Nc3 d5 4.Nf3 Bg7 5.Qb3 dxc4 6.Qxc4 O-O 7.e4 Bg4 8.Be3 
Nfd7 9.Qb3 Nb6 10.Rd1 e6 11.Be2 Nc6 12.e5 Ne7 13.h3 Bxf3 14.Bxf3 Nf5 15.
O-O c6 16.Ne4 Nd5 17.Bg5 Qb6 18.Qxb6 axb6 19.g4 Nfe7 20.a3 h6 21.Bxe7 Nxe7
22.Nd6 Ra7 23.Bg2 Nc8 24.Nxc8 Rxc8 25.Rd3 Rd8 26.Rfd1 g5 27.Kf1 Ra4 28.Ke2
b5 29.Ke3 Bf8 30.Be4 b4 31.axb4 Rxb4 32.b3 Ra8 33.Rc3 Ra3 34.Bc2 Be7 35.
Kd3 Ra8 36.Rc4 Rb5 37.Ra4 Rd8 38.Ke4 Rbd5 39.Rd3 R8d7 40.Rc4 Ra5 41.Ra4 
Rb5 42.Rc3 Rbd5 43.Rd3 Bd8 44.Ra8 Kg7 45.Ra4 Bb6 46.Bb1 Kf8 47.Bc2 Ke7 48.
Bb1 Kd8 49.Ba2 Kc7 50.Rc4 Rd8 51.b4 Ba7 52.Kf3 b5 53.Rc2 Rxd4 54.Rdc3 Rd3+
55.Ke2 Rxc3 56.Rxc3 Bd4 57.Rf3 Rd7 58.Rd3 Bxe5 59.Rxd7+ Kxd7 60.Kd3 Bd6 
0-1

[Event "Nis it"]
[Site "Nis YUG"]
[Date "1979.10.17"]
[Round "1"]
[White "Ciric, Dragoljub"]
[Black "Maksimovic, Branimir"]
[Result "1/2-1/2"]
[WhiteElo "2440"]
[BlackElo "2265"]
[EventDate "1979.10.17"]
[PlyCount "45"]
[Source "Perpetual Check"]

1.e4 e6 2.d4 d5 3.Nd2 Nf6 4.e5 Ne4 5.Bd3 Nxd2 6.Bxd2 c5 7.dxc5 Nd7 8.Nf3 
Nxc5 9.O-O Bd7 10.Be3 Nxd3 11.Qxd3 Qc7 12.Rfe1 Rc8 13.c3 a6 14.Bd4 Be7 15.
Qe3 O-O 16.a4 b5 17.axb5 Bxb5 18.b4 Ra8 19.Nd2 Rfc8 20.Ra3 Bf8 21.Nb3 Bc4 
22.Nc5 Bxc5 23.Bxc5 1/2-1/2

[Event "Nis it"]
[Site "Nis YUG"]
[Date "1979.10.17"]
[Round "1"]
[White "Ilic, Zoran"]
[Black "Pavlovic, Dragoljub"]
[Result "1/2-1/2"]
[WhiteElo "2440"]
[BlackElo "2340"]
[EventDate "1979.10.17"]
[PlyCount "34"]
[Source "Perpetual Check"]

1.d4 Nf6 2.c4 e6 3.g3 Bb4+ 4.Bd2 Qe7 5.Bg2 Nc6 6.Nf3 O-O 7.O-O Bxd2 8.Qxd2
d6 9.Nc3 Re8 10.e4 e5 11.d5 Nb8 12.b4 a5 13.a3 axb4 14.axb4 Rxa1 15.Rxa1 
Na6 16.Qb2 Rf8 17.Ne1 Ne8 1/2-1/2

[Event "Nis it"]
[Site "Nis YUG"]
[Date "1979.10.18"]
[Round "2"]
[White "Tringov, Georgi"]
[Black "Pavlovic, Dragoljub"]
[Result "1-0"]
[WhiteElo "2460"]
[BlackElo "2340"]
[EventDate "1979.10.17"]
[PlyCount "99"]
[Source "Perpetual Check"]

1.e4 e6 2.d4 d5 3.Nc3 Bb4 4.Ne2 dxe4 5.a3 Be7 6.Nxe4 Nf6 7.N2g3 O-O 8.c3 
Nbd7 9.Bd3 b6 10.O-O Bb7 11.Qe2 Nxe4 12.Nxe4 Nf6 13.Nxf6+ Bxf6 14.Rd1 Qd5 
15.Qg4 c5 16.Bf4 Qc6 17.dxc5 bxc5 18.Be3 Rfd8 19.Bf1 Rd5 20.Qc4 Rad8 21.
Rxd5 Rxd5 22.Re1 Bg5 23.f4 Be7 24.b4 h6 25.Qa2 Rd7 26.Qc4 Rd5 27.Rb1 Rf5 
28.b5 Qe4 29.Qxe4 Bxe4 30.Re1 Rd5 31.a4 Kf8 32.a5 Rd8 33.Kf2 Bd6 34.Rd1 
Ke7 35.Be2 Rb8 36.a6 f6 37.c4 g5 38.g3 gxf4 39.Bxf4 e5 40.Bxh6 Rh8 41.Ke3 
Rxh6 42.Kxe4 Rxh2 43.Bf3 Rh8 44.b6 Bb8 45.Rb1 Rd8 46.Kf5 Rd7 47.Bc6 Rd6 
48.bxa7 Bxa7 49.Rb7+ Kd8 50.Bb5 1-0

[Event "Nis it"]
[Site "Nis YUG"]
[Date "1979.10.18"]
[Round "2"]
[White "Maksimovic, Branimir"]
[Black "Ilic, Zoran"]
[Result "1/2-1/2"]
[WhiteElo "2265"]
[BlackElo "2440"]
[EventDate "1979.10.17"]
[PlyCount "35"]
[Source "Perpetual Check"]

1.d4 Nf6 2.Nc3 c5 3.d5 e6 4.dxe6 fxe6 5.e4 Nc6 6.Nf3 d6 7.Bg5 Be7 8.e5 
dxe5 9.Qxd8+ Bxd8 10.Bb5 Bd7 11.O-O e4 12.Nd2 Nd4 13.Bxd7+ Nxd7 14.Bxd8 
Rxd8 15.Ncxe4 O-O 16.c3 Ne2+ 17.Kh1 Nf4 18.Nc4 1/2-1/2

[Event "Nis it"]
[Site "Nis YUG"]
[Date "1979.10.18"]
[Round "2"]
[White "Jansa, Vlastimil"]
[Black "Ciric, Dragoljub"]
[Result "1-0"]
[WhiteElo "2495"]
[BlackElo "2440"]
[EventDate "1979.10.17"]
[PlyCount "83"]
[Source "Perpetual Check"]

1.e4 c6 2.d4 d5 3.Nd2 dxe4 4.Nxe4 Nf6 5.Nxf6+ gxf6 6.Nf3 Bg4 7.Be2 Qc7 8.
Nh4 Bxe2 9.Qxe2 Nd7 10.O-O e6 11.c4 O-O-O 12.g3 h5 13.Be3 Re8 14.Rfd1 f5 
15.d5 exd5 16.cxd5 f4 17.gxf4 Rg8+ 18.Kh1 c5 19.Qxh5 Bd6 20.Qf5 Kb8 21.Rg1
Rh8 22.Nf3 Nb6 23.b3 Rd8 24.Rac1 Rd7 25.Ne5 Re7 26.Nc4 Nxc4 27.bxc4 a6 28.
Rg7 Qd8 29.Rcg1 Ka7 30.Qf6 Qd7 31.Rg8 Rh5 32.R1g5 Rh7 33.Qf5 Qxf5 34.Rxf5 
Re4 35.Rd8 Bc7 36.Rd7 Bb6 37.Rfxf7 Rxf7 38.Rxf7 Rxc4 39.d6 Ra4 40.d7 Rxa2 
41.Bxc5 Rd2 42.Bb4 1-0

[Event "Nis it"]
[Site "Nis YUG"]
[Date "1979.10.18"]
[Round "2"]
[White "Seirawan, Yasser"]
[Black "Djukic, Zeljko"]
[Result "1-0"]
[WhiteElo "2485"]
[BlackElo "2370"]
[EventDate "1979.10.17"]
[PlyCount "81"]
[Source "Perpetual Check"]

1.c4 c5 2.g3 g6 3.Bg2 Bg7 4.Nc3 Nc6 5.a3 a6 6.Rb1 Rb8 7.b4 cxb4 8.axb4 b5 
9.c5 a5 10.Ba3 Bb7 11.Nf3 axb4 12.Bxb4 Nf6 13.O-O Nxb4 14.Rxb4 Nd5 15.Nxd5
Bxd5 16.Qb1 Qa5 17.d4 O-O 18.Nd2 Bxg2 19.Kxg2 d6 20.cxd6 exd6 21.Qb3 Rb6 
22.Rb1 Qa8+ 23.Qf3 Qxf3+ 24.Kxf3 Rfb8 25.Ne4 Rc6 26.e3 f5 27.Ng5 Rcb6 28.
Ne6 R6b7 29.Nf4 d5 30.Ne6 Bf8 31.Nxf8 Kxf8 32.Kf4 Kg7 33.Ke5 Rd7 34.Rxb5 
Re8+ 35.Kf4 Re4+ 36.Kf3 g5 37.h3 h5 38.Rc5 f4 39.Rxd5 Rxe3+ 40.fxe3 Rxd5 
41.gxf4 1-0

[Event "Nis it"]
[Site "Nis YUG"]
[Date "1979.10.18"]
[Round "2"]
[White "Marjanovic, Slavoljub"]
[Black "Ermenkov, Evgeny"]
[Result "1/2-1/2"]
[WhiteElo "2505"]
[BlackElo "2495"]
[EventDate "1979.10.17"]
[PlyCount "48"]
[Source "Perpetual Check"]

1.e4 c5 2.Nf3 d6 3.d4 cxd4 4.Nxd4 Nf6 5.Nc3 a6 6.Be2 e6 7.O-O Be7 8.f4 O-O
9.a4 Nc6 10.Kh1 Qc7 11.Be3 Rd8 12.Qe1 Nxd4 13.Bxd4 e5 14.Be3 exf4 15.Bxf4 
Be6 16.Qg3 Nd7 17.Bh6 Bf8 18.Bg4 Ne5 19.Bxe6 fxe6 20.Rf2 Rd7 21.Raf1 Rf7 
22.Bf4 Ng6 23.Be3 Rxf2 24.Qxf2 Ne5 1/2-1/2

[Event "Nis it"]
[Site "Nis YUG"]
[Date "1979.10.19"]
[Round "3"]
[White "Kuligowski, Adam"]
[Black "Tringov, Georgi"]
[Result "1-0"]
[WhiteElo "2495"]
[BlackElo "2460"]
[EventDate "1979.10.17"]
[PlyCount "71"]
[Source "Perpetual Check"]

1.d4 Nf6 2.c4 c5 3.d5 e6 4.Nc3 exd5 5.cxd5 d6 6.e4 g6 7.Nf3 Bg7 8.Bg5 h6 
9.Bh4 a6 10.Nd2 b5 11.f3 Nbd7 12.Qc2 O-O 13.a4 bxa4 14.Be2 Nb6 15.Nxa4 g5 
16.Bf2 Nxa4 17.Rxa4 g4 18.fxg4 Nxg4 19.Bxg4 Bxg4 20.O-O Be2 21.Re1 Bb5 22.
Ra3 Re8 23.Rg3 Kh8 24.Nf3 Qf6 25.b4 Qc3 26.Qxc3 Bxc3 27.bxc5 Kh7 28.Re3 
Bh8 29.cxd6 Rad8 30.e5 Bc4 31.Ng5+ hxg5 32.Rxg5 Kh6 33.Rg4 Kh5 34.Rxc4 
Rxe5 35.Rh4+ Kg6 36.Rxh8 1-0

[Event "Nis it"]
[Site "Nis YUG"]
[Date "1979.10.19"]
[Round "3"]
[White "Djukic, Zeljko"]
[Black "Vukic, Milan"]
[Result "1-0"]
[WhiteElo "2370"]
[BlackElo "2485"]
[EventDate "1979.10.17"]
[PlyCount "49"]
[Source "Perpetual Check"]

1.d4 Nf6 2.c4 d6 3.Nc3 g6 4.e4 Bg7 5.f3 O-O 6.Be3 b6 7.Bd3 Bb7 8.Nge2 c5 
9.d5 e6 10.Qd2 Nbd7 11.Bc2 exd5 12.exd5 a6 13.a4 Re8 14.O-O Qe7 15.Bg5 Qf8
16.Rae1 h6 17.Be3 Kh8 18.g4 Rad8 19.Ng3 Bc8 20.Kg2 Ne5 21.b3 Ng8 22.h3 f5 
23.f4 Nd7 24.gxf5 gxf5 25.Bxf5 1-0

[Event "Nis it"]
[Site "Nis YUG"]
[Date "1979.10.19"]
[Round "3"]
[White "Ciric, Dragoljub"]
[Black "Seirawan, Yasser"]
[Result "1/2-1/2"]
[WhiteElo "2440"]
[BlackElo "2485"]
[EventDate "1979.10.17"]
[PlyCount "30"]
[Source "Perpetual Check"]

1.e4 g6 2.d4 Bg7 3.Nf3 d6 4.Nc3 Nf6 5.Be2 O-O 6.O-O c6 7.a4 a5 8.h3 Na6 9.
Be3 Nb4 10.Nd2 e5 11.Nc4 Be6 12.dxe5 dxe5 13.Qc1 Nd7 14.Nb1 Qc7 15.c3 Na6 
1/2-1/2

[Event "Nis it"]
[Site "Nis YUG"]
[Date "1979.10.19"]
[Round "3"]
[White "Ilic, Zoran"]
[Black "Jansa, Vlastimil"]
[Result "1/2-1/2"]
[WhiteElo "2440"]
[BlackElo "2495"]
[EventDate "1979.10.17"]
[PlyCount "28"]
[Source "Perpetual Check"]

1.d4 Nf6 2.c4 g6 3.g3 Bg7 4.Bg2 O-O 5.Nf3 d6 6.O-O c6 7.Nc3 Qa5 8.h3 Bf5 
9.Nd2 e5 10.d5 c5 11.a3 Na6 12.e4 Bd7 13.Rb1 Ne8 14.Nf3 Qd8 1/2-1/2

[Event "Nis it"]
[Site "Nis YUG"]
[Date "1979.10.19"]
[Round "3"]
[White "Pavlovic, Dragoljub"]
[Black "Maksimovic, Branimir"]
[Result "0-1"]
[WhiteElo "2340"]
[BlackElo "2265"]
[EventDate "1979.10.17"]
[PlyCount "142"]
[Source "Perpetual Check"]

1.Nf3 f5 2.e4 fxe4 3.Ng5 Nf6 4.d3 e5 5.Nc3 Nc6 6.dxe4 h6 7.Nf3 Bc5 8.Bc4 
d6 9.h3 Na5 10.Be2 Be6 11.a3 Nc6 12.Qd3 a6 13.Be3 O-O 14.g4 Bxe3 15.Qxe3 
Nh7 16.O-O-O Qf6 17.Rh2 Ne7 18.Nd2 Qf4 19.Qxf4 Rxf4 20.f3 Nf8 21.Nf1 Rf7 
22.Ne3 Nfg6 23.Nf5 Nf4 24.h4 Kh7 25.h5 b5 26.Rg1 Ng8 27.Nh4 Rb8 28.b4 c5 
29.Bf1 Rc7 30.Ne2 Nxe2+ 31.Rxe2 cxb4 32.axb4 Ne7 33.Rd2 Rbc8 34.Rgg2 d5 
35.Bd3 d4 36.g5 hxg5 37.Rxg5 Nc6 38.Kb2 Bc4 39.Ka3 a5 40.bxa5 Ra8 41.Rdg2 
Rxa5+ 42.Kb2 Bxd3 43.Nf5 Raa7 44.h6 g6 45.Rxg6 Bc4 46.Rf6 Nb4 47.Rg7+ Rxg7
48.hxg7 Rxg7 49.Rh6+ Kg8 50.Nxg7 Kxg7 51.Rh2 Kf6 52.Rg2 Na2 53.Kb1 Nc3+ 
54.Kc1 Ne2+ 55.Kd2 Nf4 56.Rg3 Ke6 57.Rg1 Be2 58.Rg3 Kd6 59.Kc1 Kc5 60.Kd2 
b4 61.Rg5 Kd6 62.Rg3 Ke6 63.Kc1 Kf6 64.Kd2 Bc4 65.Rg1 b3 66.cxb3 Bxb3 67.
Rg3 Bf7 68.Ke1 Ne6 69.Rg1 Ng5 70.Ke2 Bh5 71.Ra1 Bxf3+ 0-1

[Event "Nis it"]
[Site "Nis YUG"]
[Date "1979.10.20"]
[Round "4"]
[White "Tringov, Georgi"]
[Black "Maksimovic, Branimir"]
[Result "0-1"]
[WhiteElo "2460"]
[BlackElo "2265"]
[EventDate "1979.10.17"]
[PlyCount "38"]
[Source "Perpetual Check"]

1.e4 e6 2.d3 d5 3.Nd2 Nf6 4.Ngf3 b6 5.g3 Bb7 6.e5 Nfd7 7.Bg2 c5 8.O-O Nc6 
9.Re1 g5 10.h3 Bg7 11.Nf1 h6 12.Ne3 Ndxe5 13.Nxd5 exd5 14.Nxe5 Bxe5 15.f4 
gxf4 16.gxf4 Qh4 17.fxe5 Rg8 18.Rf1 d4 19.Qf3 Nd8 0-1

[Event "Nis it"]
[Site "Nis YUG"]
[Date "1979.10.20"]
[Round "4"]
[White "Seirawan, Yasser"]
[Black "Ilic, Zoran"]
[Result "1-0"]
[WhiteElo "2485"]
[BlackElo "2440"]
[EventDate "1979.10.17"]
[PlyCount "59"]
[Source "Perpetual Check"]

1.c4 g6 2.Nc3 Bg7 3.g3 c5 4.Bg2 Nc6 5.a3 d6 6.e3 e6 7.Nge2 Nge7 8.b4 cxb4 
9.axb4 Nxb4 10.d4 a5 11.Ba3 Ra6 12.Bxb4 axb4 13.Rxa6 bxa6 14.Qa4+ Bd7 15.
Qxb4 Qc7 16.Ne4 Nc8 17.O-O a5 18.Qb3 O-O 19.Rb1 Rd8 20.N2c3 Be8 21.Qa2 Bc6
22.Nb5 Bxb5 23.Rxb5 d5 24.Rc5 Qb8 25.cxd5 Rxd5 26.Rxd5 exd5 27.Qxd5 Qc7 
28.Qa8 Bf8 29.Nf6+ Kg7 30.Ne8+ 1-0

[Event "Nis it"]
[Site "Nis YUG"]
[Date "1979.10.20"]
[Round "4"]
[White "Vukic, Milan"]
[Black "Ciric, Dragoljub"]
[Result "1-0"]
[WhiteElo "2485"]
[BlackElo "2440"]
[EventDate "1979.10.17"]
[PlyCount "105"]
[Source "Perpetual Check"]

1.d4 d5 2.c4 e6 3.Nf3 Nf6 4.g3 Be7 5.Bg2 O-O 6.O-O Nbd7 7.Qc2 c6 8.b3 b6 
9.Rd1 Bb7 10.Nc3 Rc8 11.e4 dxe4 12.Nxe4 c5 13.Nxf6+ Bxf6 14.Ng5 Bxg5 15.
Bxb7 Rc7 16.dxc5 Bxc1 17.Raxc1 Rxb7 18.c6 Rc7 19.Rxd7 Rxd7 20.cxd7 Qxd7 
21.Rd1 Qb7 22.Rd4 g6 23.Qd3 Qa6 24.a4 Qa5 25.Rd7 h5 26.Kg2 Kg7 27.Qd2 Qa6 
28.Qd6 Qa5 29.Qxe6 Kg8 30.Qe7 Qc3 31.Qe3 Qa5 32.Qd2 Qa6 33.Qd5 Kg7 34.Rc7 
Kg8 35.Kf3 Kg7 36.Ke4 Kg8 37.Kd3 Kg7 38.Kc3 b5 39.Qd4+ Kg8 40.Rxa7 Qe6 41.
axb5 Re8 42.Rd7 Qe1+ 43.Qd2 Qa1+ 44.Kb4 Qf6 45.Qd4 Qe6 46.b6 Qe1+ 47.Kb5 
Qb1 48.b4 Qf5+ 49.c5 Qe6 50.Rd8 Qe2+ 51.Kc6 Qe6+ 52.Kc7 Qe7+ 53.Qd7 1-0

[Event "Nis it"]
[Site "Nis YUG"]
[Date "1979.10.20"]
[Round "4"]
[White "Marjanovic, Slavoljub"]
[Black "Djukic, Zeljko"]
[Result "1/2-1/2"]
[WhiteElo "2505"]
[BlackElo "2370"]
[EventDate "1979.10.17"]
[PlyCount "54"]
[Source "Perpetual Check"]

1.e4 c5 2.Nf3 d6 3.d4 cxd4 4.Nxd4 Nf6 5.Nc3 a6 6.Be2 e6 7.O-O Be7 8.f4 O-O
9.Kh1 Qc7 10.a4 Re8 11.Bf3 Nbd7 12.Qe2 Bf8 13.g4 Nb6 14.g5 Nfd7 15.Nb3 Nc4
16.Bg2 g6 17.f5 Nde5 18.Nd4 Na5 19.Be3 Nac4 20.Bc1 Na5 21.Be3 Nac4 22.b3 
Nxe3 23.Qxe3 Bd7 24.Qg3 Bg7 25.Rad1 Rac8 26.Nce2 b5 27.axb5 axb5 1/2-1/2

[Event "Nis it"]
[Site "Nis YUG"]
[Date "1979.10.20"]
[Round "4"]
[White "Kuligowski, Adam"]
[Black "Ermenkov, Evgeny"]
[Result "1-0"]
[WhiteElo "2495"]
[BlackElo "2495"]
[EventDate "1979.10.17"]
[PlyCount "83"]
[Source "Perpetual Check"]

1.d4 Nf6 2.c4 e6 3.Nf3 c5 4.d5 b5 5.Bg5 exd5 6.cxd5 Qa5+ 7.Nc3 Ne4 8.Bd2 
Nxd2 9.Nxd2 d6 10.e4 a6 11.Be2 Nd7 12.O-O Be7 13.a4 b4 14.Ncb1 Bf6 15.Nc4 
Qc7 16.Nbd2 O-O 17.a5 Rb8 18.f4 Re8 19.Kh1 Bd4 20.Bg4 Nf6 21.Bxc8 Rbxc8 
22.Qf3 Rcd8 23.Rae1 Qd7 24.h3 h6 25.Kh2 Nh7 26.Nb3 Qb5 27.Qd3 Bxb2 28.Nxb2
Qxd3 29.Nxd3 c4 30.Nxb4 cxb3 31.e5 dxe5 32.fxe5 b2 33.Nxa6 b1=Q 34.Rxb1 
Rxe5 35.Nc7 Re7 36.Rb7 Rc8 37.d6 Rd7 38.a6 Rxd6 39.a7 Rdd8 40.Ra1 Ng5 41.
a8=Q Rxa8 42.Rxa8 1-0

[Event "Nis it"]
[Site "Nis YUG"]
[Date "1979.10.22"]
[Round "5"]
[White "Ermenkov, Evgeny"]
[Black "Tringov, Georgi"]
[Result "1/2-1/2"]
[WhiteElo "2495"]
[BlackElo "2460"]
[EventDate "1979.10.17"]
[PlyCount "31"]
[Source "Perpetual Check"]

1.e4 e5 2.Nf3 Nc6 3.Bb5 a6 4.Bxc6 dxc6 5.O-O f6 6.d4 exd4 7.Nxd4 c5 8.Nb3 
Qxd1 9.Rxd1 Bg4 10.f3 Be6 11.Nc3 c4 12.Nd4 Bc5 13.Be3 Bxd4 14.Bxd4 Ne7 15.
Kf2 O-O 16.Ke3 1/2-1/2

[Event "Nis it"]
[Site "Nis YUG"]
[Date "1979.10.22"]
[Round "5"]
[White "Ciric, Dragoljub"]
[Black "Marjanovic, Slavoljub"]
[Result "0-1"]
[WhiteElo "2440"]
[BlackElo "2505"]
[EventDate "1979.10.17"]
[PlyCount "81"]
[Source "Perpetual Check"]

1.e4 c5 2.Nf3 d6 3.d4 cxd4 4.Qxd4 a6 5.c4 Nc6 6.Qd2 g6 7.h3 Bg7 8.Be2 Bd7 
9.O-O Rc8 10.Nc3 Qa5 11.Nd5 Nf6 12.b4 Nxb4 13.Qxb4 Qxb4 14.Nxb4 Nxe4 15.
Ba3 Bxa1 16.Rxa1 Be6 17.Bd3 Nc5 18.Bf1 Nd7 19.Re1 Nb6 20.Nd2 O-O 21.Nd5 
Bxd5 22.cxd5 Rc7 23.Rb1 Nxd5 24.Bc4 Nc3 25.Ra1 b5 26.Bd3 a5 27.Bb2 Rb8 28.
f4 Nd5 29.Rf1 a4 30.g4 Nb4 31.Bb1 Rbc8 32.a3 Nc2 33.f5 b4 34.fxg6 hxg6 35.
Ba2 e5 36.Ne4 b3 37.Bb1 Ne3 38.Re1 Nc4 39.Bc1 b2 40.Bg5 Nxa3 41.Nxd6 0-1

[Event "Nis it"]
[Site "Nis YUG"]
[Date "1979.10.22"]
[Round "5"]
[White "Ilic, Zoran"]
[Black "Vukic, Milan"]
[Result "1/2-1/2"]
[WhiteElo "2440"]
[BlackElo "2485"]
[EventDate "1979.10.17"]
[PlyCount "82"]
[Source "Perpetual Check"]

1.Nf3 Nf6 2.c4 g6 3.g3 Bg7 4.Bg2 O-O 5.O-O d6 6.d4 c6 7.Nc3 Qa5 8.h3 Be6 
9.d5 cxd5 10.Nd4 Bd7 11.cxd5 Rc8 12.e4 Na6 13.Nb3 Qb4 14.a3 Qc4 15.Na5 Qc7
16.Nb3 Ne8 17.Bd2 Qd8 18.Kh2 Rc4 19.f4 Qb6 20.Rf3 Bxc3 21.Rxc3 Ba4 22.Rxc4
Bxb3 23.Rc2 Qd4 24.Qc1 Bxc2 25.Qxc2 Nc5 26.Re1 Qd3 27.Rc1 Qb3 28.e5 b6 29.
Bc3 Rc8 30.Qxb3 Nxb3 31.Re1 Kf8 32.h4 a5 33.Re2 Nc7 34.exd6 exd6 35.Bf6 
Ne8 36.Bc3 Rc5 37.Re3 a4 38.Kh3 Rc8 39.Bf3 Nc7 40.h5 gxh5 41.Kh4 Nb5 
1/2-1/2

[Event "Nis it"]
[Site "Nis YUG"]
[Date "1979.10.22"]
[Round "5"]
[White "Pavlovic, Dragoljub"]
[Black "Seirawan, Yasser"]
[Result "1/2-1/2"]
[WhiteElo "2340"]
[BlackElo "2485"]
[EventDate "1979.10.17"]
[PlyCount "97"]
[Source "Perpetual Check"]

1.d4 Nf6 2.c4 e6 3.g3 c5 4.d5 exd5 5.cxd5 d6 6.Nf3 g6 7.Nc3 Bg7 8.Bg2 O-O 
9.O-O Re8 10.Nd2 a6 11.a4 Nbd7 12.Nc4 Ne5 13.Na3 Nh5 14.h3 f5 15.Bd2 f4 
16.Bxf4 Nxf4 17.gxf4 Qh4 18.fxe5 Rxe5 19.Qd3 Rg5 20.f4 Bxh3 21.fxg5 Bd4+ 
22.e3 Qg3 23.Qe4 Be5 24.Rf4 Bxg2 25.Qxg2 Qxe3+ 26.Rf2 Bg3 27.Nc2 Bxf2+ 28.
Qxf2 Qxg5+ 29.Qg2 Qh4 30.Re1 Rf8 31.Rf1 Re8 32.Rf2 Re5 33.Qh2 Qg5+ 34.Qg2 
Qh4 35.Kf1 Qc4+ 36.Re2 Qd3 37.Ke1 Qxc2 38.Qh3 Qc1+ 39.Nd1 Rxe2+ 40.Kxe2 
Qc2+ 41.Ke1 Qe4+ 42.Ne3 Qb1+ 43.Kd2 Qxb2+ 44.Nc2 b5 45.Qe6+ Kg7 46.Qxd6 b4
47.Qe7+ Kg8 48.Qe8+ Kg7 49.Qe7+ 1/2-1/2

[Event "Nis it"]
[Site "Nis YUG"]
[Date "1979.10.22"]
[Round "5"]
[White "Maksimovic, Branimir"]
[Black "Jansa, Vlastimil"]
[Result "0-1"]
[WhiteElo "2265"]
[BlackElo "2495"]
[EventDate "1979.10.17"]
[PlyCount "79"]
[Source "Perpetual Check"]

1.d4 g6 2.e4 Bg7 3.Nc3 d6 4.Nf3 Nf6 5.Be2 O-O 6.O-O Bg4 7.Be3 Nc6 8.Qd2 e5
9.d5 Ne7 10.Rad1 Kh8 11.h3 Bxf3 12.Bxf3 Nd7 13.Be2 a6 14.g3 Ng8 15.f4 exf4
16.gxf4 f5 17.Bd4 Bxd4+ 18.Qxd4+ Qf6 19.Qxf6+ Ngxf6 20.exf5 gxf5 21.Bf3 
Rae8 22.Rde1 Nc5 23.Kf2 b5 24.a3 Nce4+ 25.Bxe4 fxe4 26.Ke3 Nh5 27.Ne2 Rf5 
28.Rd1 Nf6 29.Nc3 Rh5 30.Rh1 Rg8 31.Rd4 Rg3+ 32.Ke2 Rg2+ 33.Kd1 Rf2 34.
Nxe4 Rxf4 35.Nxf6 Rxd4+ 36.Kc1 Rf5 37.Ng4 h5 38.Ne3 Rf3 39.Re1 Re4 40.Kd2 
0-1

[Event "Nis it"]
[Site "Nis YUG"]
[Date "1979.10.23"]
[Round "6"]
[White "Tringov, Georgi"]
[Black "Jansa, Vlastimil"]
[Result "1-0"]
[WhiteElo "2460"]
[BlackElo "2495"]
[EventDate "1979.10.17"]
[PlyCount "80"]
[Source "Perpetual Check"]

1.Nf3 Nf6 2.g3 b6 3.Bg2 Bb7 4.O-O e6 5.d3 d5 6.Nbd2 Nbd7 7.b3 Be7 8.Bb2 
O-O 9.Re1 c5 10.e4 d4 11.c3 dxc3 12.Bxc3 Qc7 13.Rc1 Rac8 14.b4 Rfd8 15.
bxc5 Nxc5 16.Bxf6 Bxf6 17.e5 Be7 18.d4 Bxf3 19.Nxf3 Qb8 20.Re2 Na6 21.Rxc8
Qxc8 22.Qa4 Qc1+ 23.Bf1 Qa3 24.Qxa3 Bxa3 25.Re3 Bc1 26.Re1 Bb2 27.Bxa6 
Bxd4 28.Kf1 Bc5 29.Ke2 h6 30.Rc1 g5 31.h3 Kf8 32.Rc4 Ke7 33.h4 Rg8 34.hxg5
hxg5 35.Rg4 f6 36.Bc4 b5 37.Bxb5 Rb8 38.a4 a6 39.Rc4 axb5 40.Rxc5 bxa4 1-0

[Event "Nis it"]
[Site "Nis YUG"]
[Date "1979.10.23"]
[Round "6"]
[White "Seirawan, Yasser"]
[Black "Maksimovic, Branimir"]
[Result "1-0"]
[WhiteElo "2485"]
[BlackElo "2265"]
[EventDate "1979.10.17"]
[PlyCount "73"]
[Source "Perpetual Check"]

1.c4 g6 2.Nc3 Bg7 3.g3 d6 4.Bg2 f5 5.Nf3 Nf6 6.O-O O-O 7.Rb1 e5 8.d3 h6 9.
b4 g5 10.c5 Be6 11.Ba3 Nc6 12.b5 Nd4 13.Nd2 f4 14.e3 fxe3 15.fxe3 Nf5 16.
Qe2 Rb8 17.Rf2 h5 18.Rbf1 Ng4 19.Rf3 Bh6 20.Nde4 d5 21.Nxd5 Qxd5 22.Rxf5 
Rxf5 23.Rxf5 Bxf5 24.Nf6+ Nxf6 25.Bxd5+ Nxd5 26.Qxh5 Kg7 27.Bb2 Rf8 28.
Bxe5+ Kh7 29.e4 Bg6 30.Qe2 Nf6 31.Bxc7 Bh5 32.Qe1 Bf3 33.c6 bxc6 34.bxc6 
Rc8 35.Qa5 g4 36.Qf5+ Kg7 37.Qxc8 1-0

[Event "Nis it"]
[Site "Nis YUG"]
[Date "1979.10.23"]
[Round "6"]
[White "Marjanovic, Slavoljub"]
[Black "Ilic, Zoran"]
[Result "1-0"]
[WhiteElo "2505"]
[BlackElo "2440"]
[EventDate "1979.10.17"]
[PlyCount "81"]
[Source "Perpetual Check"]

1.e4 c5 2.Nf3 d6 3.d4 cxd4 4.Qxd4 Nc6 5.Bb5 Qd7 6.Qd3 a6 7.Bxc6 Qxc6 8.O-O
b5 9.a4 Bb7 10.Re1 bxa4 11.Nd4 Qd7 12.c4 e5 13.Nc2 Nf6 14.Nc3 Bc6 15.Nb4 
h6 16.Nxc6 Qxc6 17.Rxa4 Be7 18.Be3 O-O 19.Rea1 Rfc8 20.h3 Rab8 21.R1a2 Rb3
22.Qc2 Rcb8 23.Nd5 Nxd5 24.exd5 Qc8 25.Rxa6 Rxb2 26.Rxb2 Rxb2 27.Qxb2 Qxa6
28.Qb8+ Kh7 29.Qc7 Bg5 30.Bxg5 hxg5 31.c5 Qa1+ 32.Kh2 dxc5 33.Qxc5 Qd1 34.
d6 f6 35.Qc7 Qd4 36.d7 Qxf2 37.d8=Q Qf4+ 38.Kg1 Qe3+ 39.Kf1 Qf4+ 40.Ke2 
Qe4+ 41.Kd1 1-0

[Event "Nis it"]
[Site "Nis YUG"]
[Date "1979.10.23"]
[Round "6"]
[White "Kuligowski, Adam"]
[Black "Djukic, Zeljko"]
[Result "1/2-1/2"]
[WhiteElo "2495"]
[BlackElo "2370"]
[EventDate "1979.10.17"]
[PlyCount "81"]
[Source "Perpetual Check"]

1.d4 Nf6 2.Nf3 c5 3.d5 d6 4.Nc3 Na6 5.e4 Nc7 6.a4 Bg4 7.Be2 Bxf3 8.Bxf3 g6
9.O-O Bg7 10.Be3 Nd7 11.Qd2 O-O 12.Be2 a6 13.Bh6 Rb8 14.Bxg7 Kxg7 15.a5 b6
16.axb6 Rxb6 17.Nd1 Rb4 18.f3 Qb8 19.Ra2 Qa7 20.c3 Rbb8 21.Ne3 Ra8 22.Nc4 
f5 23.exf5 Rxf5 24.Ne3 Rf7 25.f4 Nf6 26.Kh1 Qb7 27.Bf3 Raf8 28.g3 g5 29.
Bg2 gxf4 30.Rxf4 Nd7 31.Rxf7+ Rxf7 32.Ra1 Ne5 33.Qe2 Qc8 34.Be4 Qh3 35.Qc2
Ng4 36.Nf5+ Kf8 37.Qe2 Nf6 38.Bc2 Nfxd5 39.Nh4 e6 40.Be4 Nf6 41.Bf3 
1/2-1/2

[Event "Nis it"]
[Site "Nis YUG"]
[Date "1979.10.24"]
[Round "7"]
[White "Djukic, Zeljko"]
[Black "Ermenkov, Evgeny"]
[Result "1-0"]
[WhiteElo "2370"]
[BlackElo "2495"]
[EventDate "1979.10.17"]
[PlyCount "86"]
[Source "Perpetual Check"]

1.d4 e6 2.c4 b6 3.Nf3 Bb7 4.g3 Bxf3 5.exf3 c5 6.d5 exd5 7.cxd5 g6 8.Bg2 
Bg7 9.O-O d6 10.Re1+ Kf8 11.a4 Nd7 12.Na3 Ne7 13.Nc4 Nf6 14.Bf4 Ne8 15.g4 
h6 16.Qd2 a6 17.Ra3 Rb8 18.Rae3 Rb7 19.b4 g5 20.Bg3 Bf6 21.bxc5 bxc5 22.
Qa5 Rd7 23.Qxd8 Rxd8 24.f4 Ng6 25.f5 Nf4 26.Rb3 h5 27.h3 hxg4 28.hxg4 Bd4 
29.Rb7 Nf6 30.Ree7 Nxg4 31.Rxf7+ Kg8 32.f6 Ne2+ 33.Kf1 Nxg3+ 34.fxg3 Bxf6 
35.Bf3 Nh2+ 36.Kg2 Nxf3 37.Kxf3 Rh1 38.Kg4 Bd4 39.Rbd7 Rxd7 40.Rxd7 Ra1 
41.Nxd6 Rxa4 42.Kxg5 Be5 43.Nf5 Kf8 1-0

[Event "Nis it"]
[Site "Nis YUG"]
[Date "1979.10.24"]
[Round "7"]
[White "Ciric, Dragoljub"]
[Black "Kuligowski, Adam"]
[Result "0-1"]
[WhiteElo "2440"]
[BlackElo "2495"]
[EventDate "1979.10.17"]
[PlyCount "96"]
[Source "Perpetual Check"]

1.e4 c5 2.Nf3 d6 3.d4 cxd4 4.Nxd4 Nf6 5.Nc3 a6 6.Be3 e5 7.Nf3 Qc7 8.h3 b5 
9.a4 b4 10.Nd5 Nxd5 11.Qxd5 Bb7 12.Qc4 Bc6 13.Qxb4 Nd7 14.Qc3 Qb7 15.Nd2 
d5 16.exd5 Bxd5 17.Bc4 Bxc4 18.Qxc4 Rc8 19.Qd3 Qxg2 20.O-O-O Qc6 21.Nc4 
Qxa4 22.b3 Qb5 23.f4 Nc5 24.Qd5 Ne6 25.f5 Nd8 26.Qe4 f6 27.Rd5 Qc6 28.Rhd1
Nf7 29.Qd3 Be7 30.Rd7 Rd8 31.Rxd8+ Bxd8 32.Nd6+ Nxd6 33.Qxd6 Qxd6 34.Rxd6 
a5 35.Kd2 g6 36.Ra6 gxf5 37.Ra7 O-O 38.Ke2 f4 39.Bc5 Re8 40.Rd7 e4 41.c4 
f5 42.Kf2 f3 43.Kg3 Bg5 44.Rd5 f4+ 45.Kg4 Bh6 46.Bb6 Re6 47.Bxa5 Rg6+ 48.
Kh4 f2 0-1